Statistics for Eddie Murphy Movies Quiz

Click here to take the quiz!

General Stats

  • This quiz has been taken 15,385 times
    (11,995 since last reset)
  • The average score is 8 of 16

Answer Stats

DescriptionMovie% Correct
Ogre must rescue a princess with the help of a wise-cracking donkeyShrek
98%
Doctor has the ability to talk to animalsDoctor Dolittle
93%
Two stay-at-home dads start a day care centerDaddy Day Care
78%
Chinese girl masquerades as a man with the help of a wise-cracking dragonMulan
71%
Street-savvy Detroit cop goes to Los Angeles to solve a murderBeverly Hills Cop
68%
To find a bride, an African prince must pretend to be a normal AmericanComing to America
67%
Obese scientist develops a potion that makes him a skinny, stylish jerkThe Nutty Professor
61%
Rich puppetmasters plot to switch the fates of a homeless man
and a successful commodities trader
Trading Places
47%
Mild-mannered man has a monstrous, domineering wifeNorbit
41%
Three girls become a Motown sensationDreamgirls
40%
To solve a case, a hot-tempered cop must temporarily parole a street-smart criminal48 Hrs
28%
Nightclub owners contend with gangsters and police in 1930's HarlemHarlem Nights
22%
Retired space smuggler owns a nightclub on the moonThe Adventures of
Pluto Nash
19%
Caribbean vampire must travel to New York City to find a mateVampire in Brooklyn
18%
Desperate movie director makes a movie by filming a star actor in real life
without the star's knowledge
Bowfinger
16%
Chauvinist pig realizes the error of his ways when he is tormented by his female bossBoomerang
14%

Score Distribution

Percentile by Number Answered

Percent of People with Each Score

Your Score History

You have not taken this quiz since the last reset